Taylor Swift Songs: Sudden Death - Statistics

General Stats
  • This quiz has been taken 190 times
    143 since last reset
  • The average score is 11 of 13
Answers on the Grid
Answers color-coded by a green-red scale on the quiz's grid according to % correct below.
You And Me
I Wish you would
Bad Blood
My mind
Stuck inside thoughts
Evermore
Romance with A Monster
Tell me nothing true
You belong with me
Absent-Minded
Lavendar Haze
Go out with me
Speak Now
Enchanted
Dont blame me
Wishing for a change
Fifteen
Why me?
Travis
Tim McGraw
Flower Petals
Flying away with you
Style
1989
Lover
Our Song
 
Answer Stats
Answer % Correct
Bad Blood
95%
Evermore
92%
You belong with me
90%
Enchanted
89%
Lavendar Haze
87%
Speak Now
87%
Dont blame me
82%
Style
82%
Lover
81%
Fifteen
80%
Tim McGraw
79%
I Wish you would
78%
Our Song
75%
No matching quizzes found
Score Distribution
Percent of People with Each Score
Percentile by Number Answered
Your Score History
You have not taken this quiz since the last reset